Mobility, space, and culture /

Bibliographic Details
Main Author: Merriman, Peter
Corporate Author: ebrary, Inc
Format: eBook
Language:English
Published: Abingdon, Oxon ; New York, NY : Routledge, 2012.
Edition:1st ed.
Series:International library of sociology.
Subjects:
Online Access:Connect to the full text of this electronic book

MARC

Tag First Indicator Second Indicator Subfields
LEADER 00000cam a2200000Ia 4500
001 in00002781573
006 m d
007 cr cn|||||||||
008 111212s2012 enka ob 001 0 eng d
005 20250816210216.5
010 |z  2011049162 
020 |z 9780203842102 (ebook) 
020 |z 9780415593564 (hardback) 
035 |a (CaPaEBR)ebr10589037 
040 |a CaPaEBR  |c CaPaEBR  |d UtOrBLW 
050 1 4 |a H62  |b .M42297 2012eb 
082 0 4 |a 300  |2 23 
100 1 |a Merriman, Peter. 
245 1 0 |a Mobility, space, and culture /  |c Peter Merriman. 
250 |a 1st ed. 
264 1 |a Abingdon, Oxon ;  |a New York, NY :  |b Routledge,  |c 2012. 
300 |a 1 online resource (x, 214 pages) :  |b illustrations 
336 |a text  |b txt  |2 rdacontent 
337 |a computer  |b c  |2 rdamedia 
338 |a online resource  |b cr  |2 rdacarrier 
490 1 |a International library of sociology 
504 |a Includes bibliographical references (pages [157]-207) and index. 
500 |a Electronic resource. 
650 0 |a Social sciences  |x Research. 
650 0 |a Social mobility. 
650 0 |a Spatial behavior. 
655 7 |a Electronic books.  |2 local 
710 2 |a ebrary, Inc. 
830 0 |a International library of sociology. 
856 4 0 |u https://ebookcentral.proquest.com/lib/tamucs/detail.action?docID=987874  |y Connect to the full text of this electronic book  |t 0 
980 |a 120905  |b 135  |c USD  |e 135  |f YBP_EBR0000041692  |g 1 
999 f f |s 8d361bc4-f2b0-3a9a-9d2f-ac60d50a3d3a  |i b6ef951e-fa2a-363e-a1ae-bae9c60cb1c2  |t 0 
999 |a MARS 
952 f f |a Texas A&M University  |b College Station  |c Electronic Resources  |d Available Online  |t 0  |e H62 .M42297 2012eb  |h Library of Congress classification 
998 f f |a H62 .M42297 2012eb  |t 0  |l Available Online